The Past Five Monarchs Quiz Stats

 Plays Quiz Updated Aug 6, 2019

Score 0/25 Timer 06:00
3 Plays Today
Hint Answer % Correct
United KingdomElizabeth II
97.4%
United KingdomGeorge V
90.1%
United KingdomGeorge VI
86.1%
United KingdomEdward VII
80%
United KingdomEdward VIII
74.6%
Vatican CityJohn Paul I
72.4%
Vatican CityJohn Paul II
69.5%
Vatican CityFrancis
67.1%
Vatican CityBenedict XVI
55%
SpainJuan Carlos
48.2%
Vatican CityPaul VI
28.9%
SpainFelipe VI
24.6%
SwedenGustaf V
19.5%
Hint Answer % Correct
SwedenGustaf VI Adolf
17.7%
DenmarkMargrethe II
16.8%
DenmarkChristian X
15.7%
DenmarkChristian IX
14.5%
SwedenCarl XVI Gustaf
13.8%
SwedenCharles XV
13.2%
SpainAlfonso XII
12.1%
DenmarkFrederick IX
11.8%
DenmarkFrederick VIII
11.8%
SpainAlfonso XIII
11.5%
SwedenOscar II
7.6%
SpainAmadeo
6.3%

You're not logged in!

Compare scores with friends on all Sporcle quizzes.
OR
Log In

Sporcle TV

Today on Sporcle TV


Watch our educational content, quiz creation guides, and fun videos on Sporcle TV.

Show Comments

Extras

Top Quizzes Today


Score Distribution

Your Account Isn't Verified!

In order to create a playlist on Sporcle, you need to verify the email address you used during registration. Go to your Sporcle Settings to finish the process.

Report this User

Report this user for behavior that violates our Community Guidelines.

Details: